000 00655nam a2200217 a 4500
001 70496
003 BD-RjUL
005 20211209082016.0
008 170417s1955 nyua 000 0 eng
035 _a(BD-RjUL)70710
040 _aDLC
_cOKentU
_dOCoLC
_dDLC
_dBD-RjUL
_beng
041 _aeng
082 _223
_a622.338
_bMIS 1955
100 1 _aMiller, Max,
_d1899-1967.
_9208685
245 1 0 _aSpeak to the earth /
_cMax Miller, J.W. McDermott.
260 _aNew York :
_bAppleton-Century-Crofts
_c1955
300 _a310 p. :
_bill. ;
_c22 cm.
650 0 _aPetroleum industry and trade
_zUnited States.
_9208686
942 _2ddc
_cBK
999 _c70496
_d70496